000 00934nam a2200301 i 4500
001 4223
003 BD-RjUL
005 20211208233845.0
008 131222s1978 enka b 001 0 eng
020 _a0333233069 :
020 _a0333176863 (pbk.)
035 _a(BD-RjUL)4258
040 _aDLC
_cDLC
_dDLC
_dBD-RjUL
_beng
041 _aeng
082 0 0 _a332.6
_bRYT 1978
100 1 _aRyan, Terence M.
_913383
245 1 0 _aTheory of portfolio selection /
_cTerence M. Ryan.
260 _aLondon :
_bMacmillan,
_cc1978.
300 _aviii, 142 p. :
_bill. ;
_c21 cm.
490 0 _aStudies in finance and accounting
504 _aBibliography: p. [141]-142 and index.
650 0 _aInvestment analysis.
_913384
650 0 _aInvestments.
_913385
856 _uhttp://www.worldcat.org/title/theory-of-portfolio-selection/oclc/4703396&referer=brief_results
942 _2ddc
_cBK
999 _c4223
_d4223